Dignity in the legal and political philosophy of ronald dworkin / (Record no. 158285)

MARC details
000 -LEADER
fixed length control field 00789nam a22002177a 4500
005 - DATE AND TIME OF LATEST TRANSACTION
control field 20181024145942.0
010 ## - LCCN (DPL NO)
LC control number ENG-124356
020 ## - INTERNATIONAL STANDARD BOOK NUMBER
International Standard Book Number 9780199484171
Terms of availability 995.00
035 ## - SYSTEM CONTROL NUMBER
System control number EN-107888
037 ## - SOURCE OF ACQUISITION
Source of stock number/acquisition DBAD/PUB
082 ## - DEWEY DECIMAL CLASSIFICATION NUMBER
Classification number 340.1
245 ## - TITLE STATEMENT
Title Dignity in the legal and political philosophy of ronald dworkin /
Statement of responsibility, etc ed. by Salman Khurshid; Lokendra Malik [and] Veronica Rodrfiguez-Blanco
260 ## - PUBLICATION, DISTRIBUTION, ETC. (IMPRINT)
Place of publication, distribution, etc New Delhi
Name of publisher, distributor, etc Oxford University Press
Date of publication, distribution, etc 2018
270 ## - ADDRESS
City New Delhi
Postal code 110002
Address 2/11 Ground Floor, Ansari Road, Daryaganj,
300 ## - PHYSICAL DESCRIPTION
Extent xi,497p
Dimensions 22cm.(Hb)
500 ## - GENERAL NOTE
General note It includes about the editors and contributors and index
700 ## - ADDED ENTRY--PERSONAL NAME
Personal name Salman Khurshid;
700 ## - ADDED ENTRY--PERSONAL NAME
Personal name Lokendra Malik
700 ## - ADDED ENTRY--PERSONAL NAME
Personal name Veronica Rodrfiguez-Blanco
942 ## - ADDED ENTRY ELEMENTS (KOHA)
Source of classification or shelving scheme Dewey Decimal Classification
Item type English Books
Classification part 340.1
Call number suffix DIG
Holdings
Withdrawn status Lost status Not for loan Collection code Home library Current library Date acquired Source of acquisition Cost, normal purchase price Full call number Barcode Copy number Cost, replacement price Koha item type
    Not For Loan Non-fiction D.B.Act.Division Bawana 24/10/2018 DBAD/PUB 995.00 340.1 DIG EN-107888 1 995.00 English Books

© Delhi Public Library
Hit Counter
free hit counter